| 000 | 00729nam a22002297a 4500 | ||
|---|---|---|---|
| 999 |
_c8654 _d8654 |
||
| 003 | AR-CdUCM | ||
| 008 | 190325b ||||| |||| 00| 0 spa d | ||
| 040 |
_aMUNICIPALIDAD PROVINCIAL DEL CUSCO _cBIBLIOTECA MUNICIPAL DEL CUSCO |
||
| 082 |
_a086 / _bB17. _2Q37 |
||
| 100 |
_aQuevedo Villegas, Francisco de _924191 |
||
| 245 | _aObras Inmortales / | ||
| 260 |
_aMadrid : _bE.D.A.F., _c1972 |
||
| 300 |
_a1482 páginas ; _c17 cm |
||
| 440 |
_aObras Inmortales _924087 |
||
| 505 | _aContenido: Satíricas -- Picaresca -- Políticas -- Burlescas -- Filosóficas... | ||
| 650 |
_aNovela _95 |
||
| 650 |
_aLiteratura _9416 |
||
| 650 |
_aClásicos _98885 |
||
| 700 |
_aMartín Alonso _924192 |
||
| 942 |
_2ddc _cLIBROS |
||
| 945 | _admma | ||